[Event "WinterChess sub 2200 enero 2013"]
[Site "Palma de Mallorca ESP"]
[Date "2013.01.15"]
[Round "4.18"]
[White "Gallardo Pina, Neus"]
[Black "Porcel Jimenez, Ramon"]
[Result "1-0"]
[WhiteElo "1891"]
[BlackElo "1447"]
[PlyCount "49"]
[EventDate "2013.01.12"]
[EventType "swiss"]
[EventRounds "9"]
[EventCountry "ESP"]
[Source "lmi"]
[SourceDate "2013.01.12"]

1. f4 d5 2. Nf3 Nc6 3. e3 Nf6 4. Bb5 Bd7 5. O-O e6 6. b3 Be7 7. Bb2 O-O 8. Qe2
a6 9. Bxc6 Bxc6 10. d3 Re8 11. Nbd2 b5 12. Ne5 Bb7 13. Ndf3 Nd7 14. Rad1 c5 15.
Nxd7 Qxd7 16. Ne5 Qd8 17. Rf3 f6 18. Ng4 Rc8 19. Rg3 Kh8 20. Nf2 Qc7 21. Qh5
Bf8 22. Ng4 Qe7 23. Rh3 h6 24. Qg6 Rc7 25. Nxf6 1-0

[Event "WinterChess sub 2200 enero 2013"]
[Site "Palma de Mallorca ESP"]
[Date "2013.01.15"]
[Round "4.19"]
[White "Bergas Ferriol, Jeronimo"]
[Black "Serra Canaves, Antonio"]
[Result "1-0"]
[WhiteElo "2050"]
[BlackElo "1731"]
[PlyCount "56"]
[EventDate "2013.01.12"]
[EventType "swiss"]
[EventRounds "9"]
[EventCountry "ESP"]
[Source "lmi"]
[SourceDate "2013.01.12"]

1. d4 d5 2. Nf3 Nf6 3. g3 c6 4. Bg2 e6 5. O-O Bd6 6. c4 Nbd7 7. Nc3 O-O 8. Qc2
Re8 9. Rd1 b6 10. e4 dxe4 11. Nxe4 Be7 12. Neg5 Bb7 13. Bf4 Ne4 14. Nxe4 Nf6
15. Neg5 h6 16. Nh3 Bd6 17. Rac1 Bxf4 18. Nxf4 Qe7 19. Re1 Qc7 20. b4 Rac8 21.
Qb2 Qd7 22. Red1 Red8 23. Qb3 Qe7 24. a4 a6 25. c5 b5 26. axb5 axb5 27. Ra1 Ra8
28. Qb2 Nd5 1-0

[Event "WinterChess sub 2200 enero 2013"]
[Site "Palma de Mallorca ESP"]
[Date "2013.01.15"]
[Round "4.20"]
[White "Cristea, Adrian"]
[Black "Valls Casas, Jordi"]
[Result "0-1"]
[WhiteElo "1582"]
[BlackElo "2030"]
[PlyCount "116"]
[EventDate "2013.01.12"]
[EventType "swiss"]
[EventRounds "9"]
[EventCountry "ESP"]
[Source "lmi"]
[SourceDate "2013.01.12"]

1. d4 d5 2. c4 c6 3. Nc3 Nf6 4. e3 Bf5 5. Nge2 e6 6. Ng3 Bg6 7. c5 e5 8. b4
exd4 9. Qxd4 Be7 10. Bb2 Nbd7 11. Be2 b6 12. Na4 bxc5 13. Nxc5 Nxc5 14. bxc5
Qa5+ 15. Bc3 Qxc5 16. Qxc5 Bxc5 17. O-O Be7 18. Rac1 Kd7 19. Rfd1 Ba3 20. Bxf6
gxf6 21. Bg4+ f5 22. Rc3 Bb4 23. Rb3 fxg4 24. Rxb4 f5 25. e4 fxe4 26. Nxe4 Bxe4
27. Rxe4 h5 28. g3 Rab8 29. Rf4 Rhf8 30. Rdd4 Kd6 31. Ra4 Rxf4 32. gxf4 Rb7 33.
Kg2 Ke6 34. Kg3 Kf5 35. h4 gxh3 36. Kxh3 Rc7 37. Kg3 c5 38. Ra6 c4 39. Rh6 c3
40. Rxh5+ Ke4 41. Re5+ Kd4 42. Re1 c2 43. Rc1 Ke4 44. f3+ Kf5 45. Kf2 Kxf4 46.
Ke2 Rc8 47. a4 a5 48. Kd3 Kxf3 49. Rf1+ Kg4 50. Rc1 Kf5 51. Rf1+ Ke5 52. Re1+
Kd6 53. Rc1 Rc4 54. Rxc2 Rxc2 55. Kxc2 Kc5 56. Kc3 d4+ 57. Kd2 Kb4 58. Kd3 Kxa4
0-1

[Event "WinterChess sub 2200 enero 2013"]
[Site "Palma de Mallorca ESP"]
[Date "2013.01.15"]
[Round "4.21"]
[White "Oliver Font, Jose Luis"]
[Black "Mateu Mir, Gabriel"]
[Result "1/2-1/2"]
[WhiteElo "1838"]
[BlackElo "1552"]
[PlyCount "49"]
[EventDate "2013.01.12"]
[EventType "swiss"]
[EventRounds "9"]
[EventCountry "ESP"]
[Source "lmi"]
[SourceDate "2013.01.12"]

1. e4 d5 2. exd5 Qxd5 3. Nc3 Qa5 4. d4 e5 5. d5 c6 6. dxc6 Nxc6 7. Bd2 Qd8 8.
Bc4 a6 9. Qf3 Nf6 10. h3 Nd4 11. Qd1 Bc5 12. Nge2 O-O 13. O-O b5 14. Bd3 Bb7
15. Bg5 h6 16. Bxf6 Qxf6 17. Ne4 Qc6 18. Nxd4 Bxd4 19. g4 f5 20. gxf5 Rxf5 21.
Kh2 Rxf2+ 22. Rxf2 Bxf2 23. Qg4 Rf8 24. Qh5 Be3 25. Rf1 1/2-1/2

[Event "WinterChess sub 2200 enero 2013"]
[Site "Palma de Mallorca ESP"]
[Date "2013.01.15"]
[Round "4.22"]
[White "Garcia Comendador, Simon"]
[Black "Gutierrez Renedo, Manuel"]
[Result "1-0"]
[WhiteElo "1643"]
[BlackElo "1747"]
[PlyCount "125"]
[EventDate "2013.01.12"]
[EventType "swiss"]
[EventRounds "9"]
[EventCountry "ESP"]
[Source "lmi"]
[SourceDate "2013.01.12"]

1. e4 e5 2. Nf3 Nc6 3. Bb5 a6 4. Bxc6 dxc6 5. O-O f6 6. d4 exd4 7. Qxd4 Qxd4 8.
Nxd4 c5 9. Nb3 Bd7 10. Rd1 O-O-O 11. Be3 b6 12. a4 Bd6 13. a5 Bc6 14. N1d2 Kb7
15. f3 Ne7 16. Nc4 Nc8 17. Rd2 Be7 18. Rad1 Rxd2 19. Rxd2 Rd8 20. Rxd8 Bxd8 21.
Bf4 Ba4 22. Ncd2 Kc6 23. c4 Nd6 24. Bxd6 cxd6 25. axb6 Bxb6 26. Kf2 Kd7 27. Ke2
Ke6 28. g4 g6 29. Nc1 Ba5 30. b3 Be8 31. Nd3 f5 32. h3 fxg4 33. hxg4 g5 34. Nf1
h5 35. gxh5 Bxh5 36. Ne3 Bc3 37. Nd5 Ba5 38. Kf2 Bd8 39. Ke3 a5 40. N3f4+ gxf4+
41. Nxf4+ Kf7 42. Nxh5 Bh4 43. Kf4 Kg6 44. Kg4 Be1 45. f4 Bd2 46. f5+ Kf7 47.
Nf4 Kf6 48. Nd5+ Ke5 49. f6 Bh6 50. Kh5 Bf8 51. Kg6 Kxe4 52. Kf7 Bh6 53. Ke8
Kd3 54. Ne7 Ke4 55. f7 Ke5 56. Nc6+ Ke4 57. Nxa5 d5 58. f8=Q Bxf8 59. Kxf8 d4
60. Nb7 Kd3 61. Nxc5+ Kc3 62. Ke7 Kb4 63. Kd6 1-0

[Event "WinterChess sub 2200 enero 2013"]
[Site "Palma de Mallorca ESP"]
[Date "2013.01.15"]
[Round "4.23"]
[White "Castell Cantero, Jose Juan"]
[Black "Dominguez Marquez, Juan Carlos"]
[Result "0-1"]
[WhiteElo "1530"]
[BlackElo "1738"]
[PlyCount "78"]
[EventDate "2013.01.12"]
[EventType "swiss"]
[EventRounds "9"]
[EventCountry "ESP"]
[Source "lmi"]
[SourceDate "2013.01.12"]

1. d4 Nf6 2. c4 c5 3. d5 b5 4. cxb5 a6 5. b6 d6 6. Nc3 g6 7. e4 Nbd7 8. Nf3 Bg7
9. Bd3 O-O 10. O-O Qxb6 11. Qc2 Ng4 12. Rb1 Nge5 13. Nxe5 Nxe5 14. Be3 Nxd3 15.
Qxd3 a5 16. Rfc1 Ba6 17. Qd2 Rfb8 18. h3 Qc7 19. Bh6 Rb4 20. Bxg7 Kxg7 21. Qc2
Rab8 22. Nd1 Rc4 23. Nc3 Rd4 24. Rd1 Rbb4 25. a3 Rb8 26. Na4 Rxd1+ 27. Rxd1 Bb5
28. Nc3 Bd7 29. f4 Qb6 30. Rb1 c4+ 31. Kh2 Qe3 32. Ne2 Rb3 33. Qxc4 Rd3 34. Nc3
Bxh3 35. gxh3 Qxh3+ 36. Kg1 Qg3+ 37. Kf1 Qxf4+ 38. Ke1 Qd2+ 39. Kf1 Rf3+ 0-1

[Event "WinterChess sub 2200 enero 2013"]
[Site "Palma de Mallorca ESP"]
[Date "2013.01.15"]
[Round "4.24"]
[White "Alcover Balaguer, Jordi"]
[Black "Rossello Sanchez, Bartolome"]
[Result "1-0"]
[WhiteElo "1736"]
[BlackElo "1345"]
[PlyCount "64"]
[EventDate "2013.01.12"]
[EventType "swiss"]
[EventRounds "9"]
[EventCountry "ESP"]
[Source "lmi"]
[SourceDate "2013.01.12"]

1. d4 d5 2. c4 e6 3. Nf3 h6 4. Nc3 Nf6 5. e3 a6 6. cxd5 exd5 7. Bd3 c5 8. O-O
c4 9. Bc2 b5 10. b3 b4 11. Na4 c3 12. a3 a5 13. Ne5 h5 14. Nd3 Nc6 15. Nac5 Qb6
16. axb4 Nxb4 17. Nxb4 Qxb4 18. Ba3 Qb6 19. Bd3 Bg4 20. Qc2 Bd6 21. Qxc3 Rc8
22. Rfc1 O-O 23. Qd2 Rfd8 24. b4 Bb8 25. bxa5 Qd6 26. f4 Ne4 27. Nxe4 Qh6 28.
Nf2 Re8 29. Nxg4 hxg4 30. Rcb1 g5 31. g3 gxf4 32. gxf4 Bc7 1-0

[Event "WinterChess sub 2200 enero 2013"]
[Site "Palma de Mallorca ESP"]
[Date "2013.01.15"]
[Round "4.26"]
[White "Carranza Pons, Ricardo Nelson"]
[Black "Alemany Ramon, Angel"]
[Result "1-0"]
[WhiteElo "1741"]
[BlackElo "1394"]
[PlyCount "93"]
[EventDate "2013.01.12"]
[EventType "swiss"]
[EventRounds "9"]
[EventCountry "ESP"]
[Source "lmi"]
[SourceDate "2013.01.12"]

1. d4 Nf6 2. Bf4 g6 3. e3 Bg7 4. Nf3 d6 5. Be2 O-O 6. h3 Nbd7 7. Bh2 c5 8. c3
cxd4 9. exd4 Qb6 10. Qb3 Qxb3 11. axb3 Re8 12. O-O Ne4 13. Re1 f5 14. Bc4+ e6
15. Nbd2 d5 16. Bb5 a6 17. Bxd7 Bxd7 18. Rad1 b5 19. Ne5 Bxe5 20. Bxe5 a5 21.
f3 Nxd2 22. Rxd2 a4 23. Ra1 axb3 24. Rxa8 Rxa8 25. Rd1 Bc6 26. Bd6 h5 27. f4
Kf7 28. h4 Ke8 29. Kf2 Kd7 30. Bc5 Ra6 31. Bb4 Ra8 32. Ke2 Ra6 33. Kd2 Ra8 34.
Re1 Ra6 35. Re3 Ra8 36. Ba3 Bb7 37. Kc1 Ra4 38. Rg3 Rc4 39. Rxg6 b4 40. Bxb4
Ba6 41. Rh6 Rc8 42. Rxh5 Bf1 43. g3 Rg8 44. Rg5 Rxg5 45. hxg5 Ke8 46. Kd2 Kf7
47. Ke1 1-0

[Event "WinterChess sub 2200 enero 2013"]
[Site "Palma de Mallorca ESP"]
[Date "2013.01.16"]
[Round "5.1"]
[White "Shen, Yue"]
[Black "Guerreiro, Nuno"]
[Result "0-1"]
[WhiteElo "2150"]
[BlackElo "2085"]
[PlyCount "72"]
[EventDate "2013.01.12"]
[EventType "swiss"]
[EventRounds "9"]
[EventCountry "ESP"]
[Source "lmi"]
[SourceDate "2013.01.12"]

1. d4 d5 2. c4 Nc6 3. Nf3 Bg4 4. Bg5 f6 5. Bh4 Nh6 6. Nc3 e6 7. e3 Bb4 8. Bd3
e5 9. dxe5 Nxe5 10. Be2 Bxf3 11. Bxf3 dxc4 12. Bxb7 Nd3+ 13. Ke2 Nxb2 14. Bc6+
Kf8 15. Qxd8+ Rxd8 16. Nd5 Ba5 17. e4 Rd6 18. Bb7 c6 19. Bg3 Re6 20. Ne3 Kf7
21. Kf3 Rd8 22. Ba6 Rd4 23. Rac1 c3 24. Nd1 g5 25. h3 Na4 26. Ne3 Nb2 27. Bb8
Rdxe4 28. Bxa7 f5 29. g3 f4 30. gxf4 gxf4 31. Nd1 Nf5 32. Nxb2 Nh4+ 33. Kg4 f3+
34. Kh5 R6e5+ 35. Kh6 Nf5+ 36. Kh5 Ng3+ 0-1

[Event "WinterChess sub 2200 enero 2013"]
[Site "Palma de Mallorca ESP"]
[Date "2013.01.16"]
[Round "5.2"]
[White "Llorens Hofman, Ivan"]
[Black "Bestard Borras, Miguel"]
[Result "0-1"]
[WhiteElo "2036"]
[BlackElo "2178"]
[PlyCount "72"]
[EventDate "2013.01.12"]
[EventType "swiss"]
[EventRounds "9"]
[EventCountry "ESP"]
[Source "lmi"]
[SourceDate "2013.01.12"]

1. d4 d5 2. c4 c6 3. Nf3 Nf6 4. e3 Bf5 5. cxd5 cxd5 6. Qb3 Qb6 7. Qxb6 axb6 8.
Nc3 Nc6 9. Bb5 Bd7 10. Ne5 e6 11. Nxd7 Nxd7 12. Bd2 Bd6 13. O-O Ke7 14. Rfc1
Rhc8 15. Na4 f5 16. f3 h6 17. Rc2 g5 18. h3 Rg8 19. b3 Rac8 20. g4 Rgf8 21. Kg2
f4 22. Rac1 Ba3 23. Bxc6 Bxc1 24. Bb4+ Kf7 25. Rxc1 Rfd8 26. Bxd7 Rxc1 27. Nxb6
Rc2+ 28. Kf1 fxe3 29. Bb5 Rxa2 30. Nd7 Rb2 31. Ba4 b5 32. Ne5+ Kg7 33. Bxb5
Rxb3 34. Nc6 Ra8 35. Be2 Ra1+ 36. Be1 Rbb1 0-1

[Event "WinterChess sub 2200 enero 2013"]
[Site "Palma de Mallorca ESP"]
[Date "2013.01.16"]
[Round "5.3"]
[White "Gromovs, Sergejs"]
[Black "Vich Ramirez, Carles"]
[Result "1-0"]
[WhiteElo "2001"]
[BlackElo "2126"]
[PlyCount "69"]
[EventDate "2013.01.12"]
[EventType "swiss"]
[EventRounds "9"]
[EventCountry "ESP"]
[Source "lmi"]
[SourceDate "2013.01.12"]

1. d4 Nf6 2. Nf3 e6 3. c4 Bb4+ 4. Nbd2 b6 5. g3 Bb7 6. Bg2 Ne4 7. O-O Nxd2 8.
Bxd2 Bxd2 9. Qxd2 O-O 10. d5 Qe7 11. Nd4 d6 12. e4 g6 13. f4 e5 14. f5 Nd7 15.
Nb5 Nf6 16. h3 a6 17. Nc3 Kg7 18. g4 h6 19. Ne2 g5 20. Ng3 a5 21. Bf3 Rh8 22.
Kg2 Bc8 23. Be2 Bd7 24. Rf2 Rag8 25. b3 Kf8 26. a3 Kg7 27. Rff1 Ra8 28. Ra2
Rhb8 29. Rh1 Rh8 30. Qe3 Rab8 31. Rc2 c5 32. dxc6 Bxc6 33. Bf3 Nd7 34. f6+ Qxf6
35. Nh5+ 1-0

[Event "WinterChess sub 2200 enero 2013"]
[Site "Palma de Mallorca ESP"]
[Date "2013.01.16"]
[Round "5.4"]
[White "Queirolo Perez, Manuel"]
[Black "Cerdo Fernandez, Miguel"]
[Result "1-0"]
[WhiteElo "2096"]
[BlackElo "1946"]
[PlyCount "61"]
[EventDate "2013.01.12"]
[EventType "swiss"]
[EventRounds "9"]
[EventCountry "ESP"]
[Source "lmi"]
[SourceDate "2013.01.12"]

1. e4 Nf6 2. e5 Nd5 3. Nc3 e6 4. Nxd5 exd5 5. c4 d6 6. Nf3 dxe5 7. Nxe5 Bd6 8.
Nf3 O-O 9. cxd5 Re8+ 10. Be2 Qe7 11. d3 Bg4 12. Be3 Bxf3 13. Bxf3 Qh4 14. g3
Bb4+ 15. Kf1 Qh3+ 16. Kg1 Qd7 17. Qb3 c5 18. a3 Ba5 19. Bxc5 Na6 20. Be3 Rad8
21. Kg2 Nc7 22. Qxb7 Rb8 23. Qc6 Qxc6 24. dxc6 Rxb2 25. Bxa7 Nb5 26. Bc5 Rc2
27. Rhc1 Rd2 28. Bb4 Bxb4 29. axb4 f5 30. c7 Rc8 31. Ra8 1-0

[Event "WinterChess sub 2200 enero 2013"]
[Site "Palma de Mallorca ESP"]
[Date "2013.01.16"]
[Round "5.5"]
[White "Ponce Cano, Adrian"]
[Black "Oliver Amengual, Adria"]
[Result "1-0"]
[WhiteElo "2078"]
[BlackElo "1931"]
[PlyCount "51"]
[EventDate "2013.01.12"]
[EventType "swiss"]
[EventRounds "9"]
[EventCountry "ESP"]
[Source "lmi"]
[SourceDate "2013.01.12"]

1. e4 c5 2. Nf3 d6 3. Nc3 Nf6 4. Bc4 Nc6 5. O-O Bg4 6. h3 Bxf3 7. Qxf3 Nd4 8.
Qd1 e6 9. Re1 Be7 10. Ne2 O-O 11. c3 Nc6 12. Ng3 Nxe4 13. Nxe4 d5 14. Bd3 dxe4
15. Bxe4 Bf6 16. d3 Qd6 17. Be3 Rfd8 18. Qh5 Ne5 19. Qxh7+ Kf8 20. f4 Nc6 21.
Qh5 b6 22. f5 Ke7 23. fxe6 fxe6 24. Bg5 Rh8 25. Qg6 Raf8 26. Qxg7+ 1-0

[Event "WinterChess sub 2200 enero 2013"]
[Site "Palma de Mallorca ESP"]
[Date "2013.01.16"]
[Round "5.6"]
[White "Torres Tur, Juan"]
[Black "Asensio Ramos, Enrique Fernando"]
[Result "1/2-1/2"]
[WhiteElo "2045"]
[BlackElo "1904"]
[PlyCount "116"]
[EventDate "2013.01.12"]
[EventType "swiss"]
[EventRounds "9"]
[EventCountry "ESP"]
[Source "lmi"]
[SourceDate "2013.01.12"]

1. d4 Nf6 2. c4 g6 3. Nc3 d5 4. Bg5 Ne4 5. Bd2 Bg7 6. cxd5 Nxc3 7. bxc3 Qxd5 8.
e3 c5 9. Nf3 cxd4 10. cxd4 Nc6 11. Qb3 Qxb3 12. axb3 e5 13. dxe5 Nxe5 14. Bb5+
Bd7 15. Bxd7+ Kxd7 16. Nxe5+ Bxe5 17. Rc1 Rhc8 18. Ke2 Bb2 19. Rxc8 Rxc8 20.
Rb1 Bc3 21. f4 Bxd2 22. Kxd2 f5 23. Kd3 Ke6 24. h3 h5 25. Rg1 h4 26. g4 hxg3
27. Rxg3 Kf6 28. h4 a5 29. Rh3 Kg7 30. Rh1 Kh6 31. Rg1 b5 32. Ra1 Ra8 33. e4
Rd8+ 34. Ke3 fxe4 35. Kxe4 Re8+ 36. Kd4 Ra8 37. Ke5 a4 38. f5 Re8+ 39. Kf4 axb3
40. Rb1 Rf8 41. Rxb3 Rxf5+ 42. Kg4 Rc5 43. Kg3 Kg7 44. Rb4 Rf5 45. Rd4 Rc5 46.
Rd7+ Kf6 47. Rd6+ Kf5 48. Rb6 Rc3+ 49. Kf2 Rb3 50. Ke2 Rb2+ 51. Kf3 Rb1 52. Ke3
b4 53. Rb5+ Kf6 54. h5 g5 55. Rb6+ Kf5 56. h6 b3 57. Kf2 Rh1 58. Rxb3 Rxh6
1/2-1/2

[Event "WinterChess sub 2200 enero 2013"]
[Site "Palma de Mallorca ESP"]
[Date "2013.01.16"]
[Round "5.7"]
[White "Gaya Llodra, Juan"]
[Black "Nadal Marti, Bernardo Pedro"]
[Result "1-0"]
[WhiteElo "2173"]
[BlackElo "1941"]
[PlyCount "77"]
[EventDate "2013.01.12"]
[EventType "swiss"]
[EventRounds "9"]
[EventCountry "ESP"]
[Source "lmi"]
[SourceDate "2013.01.12"]

1. d4 d5 2. g3 c6 3. Bg2 Nf6 4. Nf3 g6 5. c4 Bg7 6. cxd5 cxd5 7. Ne5 O-O 8. Nc3
Nc6 9. O-O Be6 10. Nxc6 bxc6 11. Na4 Ne4 12. f3 Nd6 13. Be3 Rb8 14. Bf2 Qa5 15.
b3 Nb7 16. Rc1 Rbc8 17. Qd3 Rfd8 18. Rfd1 Bf5 19. Qc3 Qxc3 20. Rxc3 e5 21. Nc5
Nxc5 22. Rxc5 exd4 23. Bxd4 Re8 24. Bxg7 Kxg7 25. Kf2 Re7 26. Bf1 Kf8 27. Rdc1
Bd7 28. Ra5 Rc7 29. Rxd5 Be6 30. Rdc5 Bd5 31. e4 Be6 32. Rxc6 Rxc6 33. Rxc6 Rd7
34. Ke3 Rd1 35. Bc4 Rc1 36. Bd5 Rh1 37. h4 Re1+ 38. Kf4 h6 39. Bxe6 1-0

[Event "WinterChess sub 2200 enero 2013"]
[Site "Palma de Mallorca ESP"]
[Date "2013.01.16"]
[Round "5.8"]
[White "Martinez Vicario, Jose Maria"]
[Black "Caliz Morales, Felipe"]
[Result "1/2-1/2"]
[WhiteElo "2131"]
[BlackElo "1838"]
[PlyCount "97"]
[EventDate "2013.01.12"]
[EventType "swiss"]
[EventRounds "9"]
[EventCountry "ESP"]
[Source "lmi"]
[SourceDate "2013.01.12"]

1. e4 e5 2. Nf3 Nc6 3. Nc3 d6 4. d4 Bg4 5. dxe5 Nxe5 6. Be2 Nxf3+ 7. Bxf3 Bxf3
8. Qxf3 Qf6 9. Qd3 O-O-O 10. Be3 a6 11. Nd5 Qe6 12. Qc3 c6 13. O-O Nf6 14. Nb6+
Kb8 15. f3 Be7 16. b4 Nd7 17. Qd4 c5 18. bxc5 dxc5 19. Nxd7+ Rxd7 20. Qxg7 Bf6
21. Qg3+ Be5 22. f4 Bc7 23. Bxc5 Qxe4 24. Qc3 Rg8 25. Rf2 Bxf4 26. Re1 Qc6 27.
Qh3 f6 28. Be3 Be5 29. c4 Rdg7 30. c5 Qe4 31. Bd2 Qd4 32. Be3 Qg4 33. Qxg4 Rxg4
34. g3 h5 35. Kf1 h4 36. gxh4 Rxh4 37. Ree2 Rhg4 38. Rg2 Kc7 39. Rxg4 Rxg4 40.
Kf2 Kc6 41. Kf3 Rh4 42. Bg1 Rf4+ 43. Kg2 Rg4+ 44. Kf1 Kd5 45. h3 Rg3 46. h4
Rf3+ 47. Kg2 Rg3+ 48. Kf1 Rf3+ 49. Kg2 1/2-1/2

[Event "WinterChess sub 2200 enero 2013"]
[Site "Palma de Mallorca ESP"]
[Date "2013.01.16"]
[Round "5.9"]
[White "Perez Prieto, German"]
[Black "Crespi Lopez, Juan"]
[Result "0-1"]
[WhiteElo "1839"]
[BlackElo "1972"]
[PlyCount "60"]
[EventDate "2013.01.12"]
[EventType "swiss"]
[EventRounds "9"]
[EventCountry "ESP"]
[Source "lmi"]
[SourceDate "2013.01.12"]

1. Nf3 Nf6 2. d4 g6 3. c4 Bg7 4. Nc3 O-O 5. e4 d6 6. h3 e5 7. d5 a5 8. Be3 Na6
9. Be2 Nh5 10. g3 f5 11. exf5 gxf5 12. Nh2 f4 13. gxf4 Nxf4 14. Bxf4 Rxf4 15.
Nf3 e4 16. Qd2 Qf6 17. Nh2 Nc5 18. O-O-O Rxf2 19. Kb1 Bf5 20. Ka1 a4 21. Qe3
Rxe2 22. Qxe2 a3 23. Qe3 axb2+ 24. Kxb2 Na4+ 25. Kb3 Nxc3 26. Rdg1 Bg6 27. Rf1
Nxd5 28. Rxf6 Nxe3 29. Re6 Nxc4 30. Rxg6 Na5+ 0-1

[Event "WinterChess sub 2200 enero 2013"]
[Site "Palma de Mallorca ESP"]
[Date "2013.01.16"]
[Round "5.10"]
[White "Orcera Gomez, Francisco"]
[Black "Aguilo Pons, Francesc"]
[Result "0-1"]
[WhiteElo "1783"]
[BlackElo "1944"]
[PlyCount "78"]
[EventDate "2013.01.12"]
[EventType "swiss"]
[EventRounds "9"]
[EventCountry "ESP"]
[Source "lmi"]
[SourceDate "2013.01.12"]

1. d4 d5 2. g3 Nf6 3. Bg2 c5 4. c3 e6 5. Nf3 Nc6 6. O-O Bd6 7. Nbd2 O-O 8. Qc2
Bd7 9. e4 cxd4 10. cxd4 Nb4 11. Qb1 Bb5 12. Ne1 Bxf1 13. Kxf1 dxe4 14. Nxe4 Be7
15. Nf3 Rc8 16. Nc3 Qb6 17. h3 Nbd5 18. Qd3 Rfd8 19. g4 Nb4 20. Qd1 Nc6 21. g5
Nd5 22. Nxd5 Rxd5 23. Be3 Rcd8 24. Kg1 R5d7 25. Qe2 Qb4 26. Ne5 Nxe5 27. dxe5
b6 28. b3 Bc5 29. Bc6 Rc7 30. a3 Qxb3 31. Bxc5 Rxc6 32. Be7 Rdc8 33. Qh5 Rc1+
34. Rxc1 Rxc1+ 35. Kh2 Qd5 36. Bf6 Rh1+ 37. Kg3 Rg1+ 38. Kf4 Qd4+ 39. Kf3 Qd1+
0-1

[Event "WinterChess sub 2200 enero 2013"]
[Site "Palma de Mallorca ESP"]
[Date "2013.01.16"]
[Round "5.11"]
[White "Planas Gene, Juan"]
[Black "Fullana Benito, David"]
[Result "1-0"]
[WhiteElo "2109"]
[BlackElo "1825"]
[PlyCount "89"]
[EventDate "2013.01.12"]
[EventType "swiss"]
[EventRounds "9"]
[EventCountry "ESP"]
[Source "lmi"]
[SourceDate "2013.01.12"]

1. d4 d5 2. c4 e6 3. Nc3 Nf6 4. Bg5 Be7 5. e3 Nbd7 6. Nf3 c6 7. Bd3 dxc4 8.
Bxc4 b5 9. Bd3 Bb7 10. O-O Rc8 11. Qe2 a6 12. a4 Nd5 13. Bxe7 Nxc3 14. bxc3
Qxe7 15. Nd2 O-O 16. f4 f5 17. e4 Rce8 18. Nf3 Nf6 19. exf5 exf5 20. Qd2 Ne4
21. Bxe4 Qxe4 22. Rfe1 Qd5 23. Qa2 Re4 24. g3 Rc8 25. Rxe4 fxe4 26. Ne5 c5 27.
Qxd5+ Bxd5 28. axb5 axb5 29. dxc5 Rxc5 30. Rd1 g6 31. Nd7 Bb3 32. Nxc5 Bxd1 33.
Nxe4 Kg7 34. Kf2 h5 35. Ke3 Bb3 36. Kd4 Bc2 37. Nd6 Ba4 38. Ke5 Kh6 39. Kf6 h4
40. g4 Bd1 41. g5+ Kh5 42. f5 Bc2 43. h3 Bxf5 44. Nxf5 gxf5 45. g6 1-0

[Event "WinterChess sub 2200 enero 2013"]
[Site "Palma de Mallorca ESP"]
[Date "2013.01.16"]
[Round "5.12"]
[White "Schenk Papke, Andres"]
[Black "Alcover Balaguer, Jordi"]
[Result "1-0"]
[WhiteElo "2046"]
[BlackElo "1736"]
[PlyCount "103"]
[EventDate "2013.01.12"]
[EventType "swiss"]
[EventRounds "9"]
[EventCountry "ESP"]
[Source "lmi"]
[SourceDate "2013.01.12"]

1. e4 e6 2. d4 d5 3. Nc3 Bb4 4. Bd2 c5 5. a3 Bxc3 6. Bxc3 cxd4 7. Qxd4 Nf6 8.
exd5 Qxd5 9. Qxd5 exd5 10. O-O-O Be6 11. Bb5+ Nc6 12. Ne2 Ne4 13. Bxg7 Rg8 14.
Bd4 Rxg2 15. Nf4 Rxf2 16. Bxc6+ bxc6 17. Nxe6 fxe6 18. Bxf2 Nxf2 19. Rhg1 Ke7
20. Rdf1 Rf8 21. Kd2 Ne4+ 22. Ke3 Rxf1 23. Rxf1 h5 24. Kd4 Nd2 25. Rf2 c5+ 26.
Ke5 Nc4+ 27. Kf4 e5+ 28. Kg5 e4 29. Kxh5 Nxb2 30. Kg6 Nc4 31. h4 Ne5+ 32. Kf5
Kd6 33. h5 e3 34. Re2 d4 35. Ke4 Ng4 36. Kf4 Nh6 37. Rg2 Ke7 38. Ke5 Nf7+ 39.
Kd5 Nd6 40. Kxc5 Nf5 41. Kc4 Ke6 42. Kd3 Ke5 43. Rg4 a6 44. a4 a5 45. Re4+ Kf6
46. Re8 Kg5 47. Re5 Kf4 48. Rxa5 Ng3 49. h6 e2 50. Kd2 Kf3 51. Ke1 Ne4 52. Re5
1-0

[Event "WinterChess sub 2200 enero 2013"]
[Site "Palma de Mallorca ESP"]
[Date "2013.01.16"]
[Round "5.13"]
[White "Valls Casas, Jordi"]
[Black "Nadal Tur, Antonio"]
[Result "1-0"]
[WhiteElo "2030"]
[BlackElo "1706"]
[PlyCount "58"]
[EventDate "2013.01.12"]
[EventType "swiss"]
[EventRounds "9"]
[EventCountry "ESP"]
[Source "lmi"]
[SourceDate "2013.01.12"]

1. d4 Nf6 2. Nf3 c5 3. d5 b5 4. c4 g6 5. cxb5 a6 6. bxa6 Bxa6 7. Nc3 d6 8. g3
Bg7 9. e4 Bxf1 10. Kxf1 Nbd7 11. h3 O-O 12. Kg2 Ra6 13. Re1 Qa8 14. a4 Rb8 15.
Qc2 c4 16. Nd4 Nc5 17. Ncb5 Rc8 18. Nc6 Kf8 19. Qxc4 Nxa4 20. Nc3 Nc5 21. Rxa6
Nxa6 22. b4 Nd7 23. Bf4 Ne5 24. Bxe5 Bxe5 25. Ra1 Qb7 26. Rxa6 Bxc3 27. Qxc3
Kg8 28. Nxe7+ Qxe7 29. Qxc8+ Kg7 1-0

[Event "WinterChess sub 2200 enero 2013"]
[Site "Palma de Mallorca ESP"]
[Date "2013.01.16"]
[Round "5.14"]
[White "Dominguez Marquez, Juan Carlos"]
[Black "Gallardo Pina, Neus"]
[Result "0-1"]
[WhiteElo "1738"]
[BlackElo "1891"]
[PlyCount "120"]
[EventDate "2013.01.12"]
[EventType "swiss"]
[EventRounds "9"]
[EventCountry "ESP"]
[Source "lmi"]
[SourceDate "2013.01.12"]

1. e4 c5 2. Nf3 Nc6 3. d4 cxd4 4. Nxd4 e5 5. Nb5 a6 6. N5c3 Nf6 7. Bg5 Bb4 8.
Bd3 h6 9. Bh4 O-O 10. O-O Be7 11. Bxf6 Bxf6 12. Nd5 b5 13. Nbc3 Bb7 14. Ne3 Nd4
15. Ncd5 Bg5 16. c3 Ne6 17. Bc2 Rc8 18. a4 bxa4 19. Rxa4 Nc5 20. Ra1 Bxe3 21.
fxe3 Bxd5 22. exd5 Qg5 23. Qf3 e4 24. Qf5 Qxe3+ 25. Kh1 Qe2 26. Rf2 Qb5 27.
Bxe4 Nxe4 28. Qxe4 Rce8 29. Qc2 Qxd5 30. h3 Re6 31. c4 Qc6 32. b4 Rb8 33. Rb1
Re4 34. Rbf1 Rxc4 35. Qf5 Rf8 36. Rd2 d6 37. Rfd1 Rd8 38. Qa5 Rd7 39. Ra2 d5
40. Rad2 Rc1 41. Qa3 Rxd1+ 42. Rxd1 Qc4 43. Qe3 Rb7 44. Rd4 Qf1+ 45. Kh2 Qf5
46. g4 Qe6 47. Qd2 Rb5 48. Kg2 f5 49. gxf5 Qxf5 50. Rg4 Rb6 51. Qe2 Rg6 52.
Qe8+ Kh7 53. Qe2 Rxg4+ 54. hxg4 Qe4+ 55. Qxe4+ dxe4 56. Kg3 g5 57. Kf2 Kg6 58.
Ke3 h5 59. gxh5+ Kxh5 60. Kxe4 g4 0-1

[Event "WinterChess sub 2200 enero 2013"]
[Site "Palma de Mallorca ESP"]
[Date "2013.01.16"]
[Round "5.15"]
[White "Ballester Cladera, Antonio"]
[Black "Figuerola Campins, Antonio"]
[Result "1/2-1/2"]
[WhiteElo "1787"]
[BlackElo "1889"]
[PlyCount "77"]
[EventDate "2013.01.12"]
[EventType "swiss"]
[EventRounds "9"]
[EventCountry "ESP"]
[Source "lmi"]
[SourceDate "2013.01.12"]

1. d4 g6 2. Bf4 Bg7 3. e3 d6 4. Bd3 Nd7 5. Nf3 e5 6. Bg3 c6 7. c3 f5 8. dxe5
dxe5 9. e4 f4 10. Bh4 Qb6 11. Qc2 h6 12. Nbd2 g5 13. Bxg5 hxg5 14. Nxg5 Nc5 15.
O-O-O Bg4 16. f3 Qd8 17. Bc4 Qxg5 18. fxg4 O-O-O 19. b4 Nd7 20. Be6 Qe7 21. Qb3
Kb8 22. Nf3 Ndf6 23. Bf5 Nh6 24. g5 Nxf5 25. gxf6 Qxf6 26. exf5 Qxf5 27. Qc2
Rxd1+ 28. Qxd1 Kc7 29. Qc2 Qxc2+ 30. Kxc2 Bf6 31. Re1 Kd6 32. c4 Ke6 33. Nd4+
Kf7 34. Nf3 Rh5 35. Kd3 Kg6 36. Ke4 Rh7 37. Rd1 Re7 38. Rd2 Kg7 39. h3 1/2-1/2